[Event "HUN-chT2 Asztalos 1718"]
[Site "Hungary"]
[Date "2017.11.26"]
[Round "2.9"]
[White "Grunwald, Geza"]
[Black "Szotak, Laszlo"]
[Result "1-0"]
[WhiteElo "1798"]
[BlackElo "1943"]
[PlyCount "73"]
[EventDate "2017.10.29"]
[EventType "team-tourn"]
[EventRounds "9"]
[EventCountry "HUN"]
[SourceTitle "EXT 2021"]
[Source "ChessBase"]
[SourceDate "2020.10.23"]
[SourceVersion "1"]
[SourceVersionDate "2020.10.23"]
[SourceQuality "1"]
[WhiteTeam "Komlo Banyasz II"]
[BlackTeam "Kaposvar Bastya"]
[WhiteTeamCountry "HUN"]
[BlackTeamCountry "HUN"]

1. d4 g6 2. c4 Bg7 3. Nc3 d6 4. e4 a6 5. f4 c6 6. Be2 b5 7. a3 Nd7 8. Be3 Bb7 9. g4 c5 10. cxb5 axb5 11. Bxb5 cxd4 12. Bxd4 Ngf6 13. g5 Nh5 14. Bxg7 Nxg7 15. Qd4 0-0 16. Nge2 Ne6 17. Qe3 Nec5 18. Ng3 f5 19. b4 Nxe4 20. Bc4+ Kg7 21. Ncxe4 fxe4 22. Be6 Qb6 23. Qc3+ Ne5 24. Rf1 Rac8 25. Bxc8 Rxc8 26. Qb2 Qe3+ 27. Ne2 Ba6 28. fxe5 Bd3 29. e6+ Kg8 30. Rf7 Rc3 31. Rd1 d5 32. Qd2 Bxe2 33. Qxe2 Qxg5 34. Qf2 e3 35. Rf8+ Kg7 36. Qf7+ Kh6 37. Qf4 1-0

[Event "HUN-chT2 Asztalos 1415"]
[Site "Hungary"]
[Date "2015.02.08"]
[Round "6"]
[White "Fekete, Lajos"]
[Black "Szotak, Laszlo"]
[Result "0-1"]
[WhiteElo "1876"]
[BlackElo "1959"]
[PlyCount "72"]
[EventDate "2014.10.12"]
[EventType "team-tourn"]
[EventRounds "9"]
[EventCountry "HUN"]
[SourceTitle "EXT 2016"]
[Source "ChessBase"]
[SourceDate "2015.10.08"]
[SourceVersion "1"]
[SourceVersionDate "2015.10.08"]
[SourceQuality "1"]
[WhiteTeam "Peti MTE"]
[BlackTeam "Kaposvar Bastya"]
[WhiteTeamCountry "HUN"]
[BlackTeamCountry "HUN"]

1. d4 f5 2. Bg5 Nf6 3. Bxf6 exf6 4. e3 d5 5. c4 c6 6. Nc3 Bb4 7. Rc1 Be6 8. a3 Bxc3+ 9. Rxc3 dxc4 10. Ne2 b5 11. Nf4 Bf7 12. Be2 Nd7 13. Bf3 Rc8 14. d5 cxd5 15. Bxd5 Nb6 16. Bxf7+ Kxf7 17. Qxd8 Rhxd8 18. Ne2 Na4 19. Rc2 Nc5 20. Nd4 a6 21. Nxf5 Rd5 22. Nd4 Rcd8 23. Ke2 Nb3 24. Rd1 Nxd4+ 25. Rxd4 Rxd4 26. exd4 Rxd4 27. Rc3 Ke6 28. Re3+ Kd5 29. Re8 Re4+ 30. Rxe4 Kxe4 31. Kd2 Kd4 32. Kc2 a5 33. Kd2 b4 34. axb4 axb4 35. Kc2 c3 36. b3 Ke4 0-1

[Event "HUN-chT2 Asztalos 1415"]
[Site "Hungary"]
[Date "2015.01.25"]
[Round "5"]
[White "Szotak, Laszlo"]
[Black "Marosvolgyi, Ferenc"]
[Result "0-1"]
[WhiteElo "1959"]
[BlackElo "1806"]
[PlyCount "43"]
[EventDate "2014.10.12"]
[EventType "team-tourn"]
[EventRounds "9"]
[EventCountry "HUN"]
[SourceTitle "EXT 2016"]
[Source "ChessBase"]
[SourceDate "2015.10.08"]
[SourceVersion "1"]
[SourceVersionDate "2015.10.08"]
[SourceQuality "1"]
[WhiteTeam "Kaposvar Bastya"]
[BlackTeam "Marcali"]
[WhiteTeamCountry "HUN"]
[BlackTeamCountry "HUN"]

1. e4 d6 2. d4 g6 3. Nf3 Bg7 4. c3 Nf6 5. Nbd2 Nbd7 6. Bd3 c5 7. 0-0 0-0 8. Re1 cxd4 9. cxd4 Qc7 10. e5 dxe5 11. dxe5 Ng4 12. e6 fxe6 13. Nb3 Rxf3 14. Qxf3 Qxh2+ 15. Kf1 Nde5 16. Qe4 Bd7 17. Bf4 Qh5 18. Rac1 Nxd3 19. Qxd3 Bb5 20. Rc4 Qh1+ 21. Ke2 Qxg2 22. Kd1 0-1

[Event "HUN-chT2 Asztalos 1314"]
[Site "Hungary"]
[Date "2014.04.27"]
[Round "9"]
[White "Szotak, Laszlo"]
[Black "Di Giovanni, Vilmos"]
[Result "1/2-1/2"]
[WhiteElo "1977"]
[BlackElo "1806"]
[PlyCount "88"]
[EventDate "2013.09.08"]
[EventType "team-tourn"]
[EventRounds "9"]
[EventCountry "HUN"]
[SourceTitle "EXT 2016"]
[Source "ChessBase"]
[SourceDate "2015.10.08"]
[SourceVersion "1"]
[SourceVersionDate "2015.10.08"]
[SourceQuality "1"]
[WhiteTeam "Kaposvar Bastya"]
[BlackTeam "MAV Elore"]
[WhiteTeamCountry "HUN"]
[BlackTeamCountry "HUN"]

1. e4 d5 2. exd5 Nf6 3. Bb5+ Bd7 4. Bc4 b5 5. Bb3 Bg4 6. Nf3 Nxd5 7. Nc3 Nxc3 8. Ne5 Qd4 9. Qxg4 Qxe5+ 10. Kf1 Qe2+ 11. Qxe2 Nxe2 12. Kxe2 e6 13. d4 Bd6 14. Re1 Nd7 15. Kf1 c5 16. c3 cxd4 17. cxd4 0-0 18. Be3 a5 19. Bd1 Rac8 20. Be2 b4 21. Rac1 Nb6 22. Ba6 Rxc1 23. Rxc1 Nd5 24. Bd2 g6 25. g3 Rd8 26. Ke2 e5 27. Bb7 Nf6 28. dxe5 Bxe5 29. b3 Rb8 30. Bf3 Re8 31. Be3 Bc3 32. Kd3 Rc8 33. Bb6 Nd7 34. Bxa5 Ne5+ 35. Ke2 Nxf3 36. Kxf3 Ra8 37. Bb6 Rxa2 38. Rb1 f6 39. Ke4 Rd2 40. Be3 f5+ 41. Kf3 Ra2 42. g4 fxg4+ 43. Kxg4 Kf7 44. Kf4 Ke6 1/2-1/2

[Event "HUN-chT2 Asztalos 1314"]
[Site "Hungary"]
[Date "2014.03.02"]
[Round "6"]
[White "Horvath, Csaba4444"]
[Black "Szotak, Laszlo"]
[Result "1/2-1/2"]
[WhiteElo "1807"]
[BlackElo "1977"]
[PlyCount "45"]
[EventDate "2013.09.08"]
[EventType "team-tourn"]
[EventRounds "9"]
[EventCountry "HUN"]
[SourceTitle "EXT 2016"]
[Source "ChessBase"]
[SourceDate "2015.10.08"]
[SourceVersion "1"]
[SourceVersionDate "2015.10.08"]
[SourceQuality "1"]
[WhiteTeam "Szentlorinc"]
[BlackTeam "Kaposvar Bastya"]
[WhiteTeamCountry "HUN"]
[BlackTeamCountry "HUN"]

1. c4 f5 2. Nc3 Nf6 3. d3 g6 4. Bd2 Bg7 5. g3 d6 6. Bg2 c6 7. e3 0-0 8. Nge2 e5 9. 0-0 Be6 10. Rb1 a5 11. a3 Na6 12. b4 axb4 13. axb4 d5 14. b5 Nc5 15. cxd5 cxd5 16. d4 Ncd7 17. Qb3 e4 18. Na4 Bf7 19. Rfc1 Qb8 20. b6 Rc8 21. Rxc8+ Qxc8 22. Rc1 Qd8 23. Rc7 1/2-1/2

[Event "HUN-chT2 Asztalos 1213"]
[Site "Hungary"]
[Date "2013.04.21"]
[Round "9.6"]
[White "Szotak, Laszlo"]
[Black "Juhasz, Zoltan"]
[Result "1-0"]
[WhiteElo "2001"]
[BlackElo "1914"]
[PlyCount "87"]
[EventDate "2012.09.16"]
[EventType "team-tourn"]
[EventRounds "9"]
[EventCountry "HUN"]
[SourceTitle "EXT 2014"]
[Source "ChessBase"]
[SourceDate "2013.11.20"]
[SourceVersion "1"]
[SourceVersionDate "2013.11.20"]
[SourceQuality "1"]
[WhiteTeam "Kaposvar Bastya"]
[BlackTeam "Pecs Karmin"]
[WhiteTeamCountry "HUN"]
[BlackTeamCountry "HUN"]

1. e4 e6 2. d4 d5 3. exd5 exd5 4. Bd3 Nc6 5. Nf3 Bg4 6. c3 Bd6 7. 0-0 Nge7 8. Re1 Qd7 9. Nbd2 0-0 10. Qc2 Bf5 11. b4 a6 12. Nb3 Bxd3 13. Qxd3 Qf5 14. Qd2 Ng6 15. Qg5 Qxg5 16. Bxg5 h6 17. Bd2 Rfe8 18. g3 b6 19. a4 Nce7 20. Re2 Nf5 21. Rae1 Rxe2 22. Rxe2 Kf8 23. Nc1 Re8 24. Rxe8+ Kxe8 25. Nd3 f6 26. Nfe1 h5 27. Ng2 Kd7 28. h4 c6 29. Bf4 Nge7 30. Kf1 g6 31. Ke2 Bxf4 32. Ngxf4 Nd6 33. a5 Kc7 34. axb6+ Kxb6 35. Nc5 Ne4 36. Nxe4 dxe4 37. c4 Kc7 38. Ne6+ Kd6 39. Nc5 f5 40. Nxa6 Nc8 41. Ke3 Ke6 42. Kf4 Nd6 43. Nc5+ Kf6 44. Nd7+ 1-0

[Event "HUN-chT2 Asztalos 1011"]
[Site "Hungary"]
[Date "2010.11.21"]
[Round "6.6"]
[White "Szotak, Laszlo"]
[Black "Kadlicsko, Jozsef"]
[Result "0-1"]
[WhiteElo "1999"]
[BlackElo "2104"]
[PlyCount "74"]
[EventDate "2010.09.12"]
[EventType "team-tourn"]
[EventRounds "11"]
[EventCountry "HUN"]
[SourceTitle "EXT 2012"]
[Source "ChessBase"]
[SourceDate "2011.11.24"]
[SourceVersion "1"]
[SourceVersionDate "2011.11.24"]
[SourceQuality "1"]
[WhiteTeam "Kaposvar Bastya"]
[BlackTeam "Fehervar"]
[WhiteTeamCountry "HUN"]
[BlackTeamCountry "HUN"]

1. e4 c5 2. c3 e6 3. d4 a6 4. Be3 Nf6 5. Nd2 Qc7 6. Bd3 d6 7. dxc5 dxc5 8. Bg5 Be7 9. Ngf3 Nc6 10. Qe2 e5 11. h3 h6 12. Be3 Be6 13. 0-0 0-0 14. a4 Na5 15. c4 Rad8 16. Ra3 Nc6 17. Nb3 Nb4 18. Bb1 Rd7 19. Nc1 Rfd8 20. Na2 Nxa2 21. Rxa2 b5 22. axb5 axb5 23. b3 Rb8 24. Bd3 bxc4 25. bxc4 Rb3 26. Rd1 Rb4 27. Bd2 Rb3 28. Bc2 Rb8 29. Bc3 Rxd1+ 30. Bxd1 Nd7 31. Ba4 Bf6 32. Bb5 Qb7 33. Rd2 Qc7 34. Bxd7 Bxd7 35. Rd5 Be6 36. Bxe5 Bxe5 37. Rxe5 Rb1+ 0-1

[Event "HUN-chT2 Asztalos 0809"]
[Site "Hungary"]
[Date "2009.04.05"]
[Round "10"]
[White "Szotak, Laszlo"]
[Black "Bator, Balazs"]
[Result "0-1"]
[WhiteElo "2002"]
[BlackElo "1981"]
[PlyCount "62"]
[EventDate "2008.10.26"]
[EventType "team-tourn"]
[EventRounds "11"]
[EventCountry "HUN"]
[SourceTitle "EXT 2010"]
[Source "ChessBase"]
[SourceDate "2010.11.25"]
[SourceVersion "1"]
[SourceVersionDate "2010.11.25"]
[SourceQuality "1"]
[WhiteTeam "Szenna Pack II"]
[BlackTeam "Komlo"]
[WhiteTeamCountry "HUN"]
[BlackTeamCountry "HUN"]

1. e4 c5 2. c3 e6 3. d4 d5 4. exd5 exd5 5. Be3 c4 6. Nf3 Nf6 7. Be2 Bd6 8. b3 b5 9. a4 Qa5 10. b4 Qa6 11. Nbd2 Nc6 12. 0-0 0-0 13. Qc2 Re8 14. Rfe1 Ne7 15. Bg5 Bf5 16. Qd1 Ne4 17. Bxe7 Nxc3 18. axb5 Qb7 19. Bxd6 Nxd1 20. Raxd1 Re6 21. Bc5 Rae8 22. Kf1 Qxb5 23. Ng1 Qa4 24. Ndf3 Qc2 25. Rd2 Qb3 26. Ra1 c3 27. Rdd1 c2 28. Re1 f6 29. b5 Bd3 30. Rac1 Qc4 31. Nd2 Qxb5 0-1

[Event "HUN-chT2 Asztalos 0809"]
[Site "Hungary"]
[Date "2008.10.26"]
[Round "1"]
[White "Holczl, Attila"]
[Black "Szotak, Laszlo"]
[Result "1/2-1/2"]
[WhiteElo "1995"]
[BlackElo "2002"]
[PlyCount "23"]
[EventDate "2008.10.26"]
[EventType "team-tourn"]
[EventRounds "11"]
[EventCountry "HUN"]
[SourceTitle "EXT 2010"]
[Source "ChessBase"]
[SourceDate "2010.11.25"]
[SourceVersion "1"]
[SourceVersionDate "2010.11.25"]
[SourceQuality "1"]
[WhiteTeam "Dombovar"]
[BlackTeam "Szenna Pack II"]
[WhiteTeamCountry "HUN"]
[BlackTeamCountry "HUN"]

1. d4 f5 2. c4 Nf6 3. Nc3 g6 4. Nf3 Bg7 5. Bf4 d6 6. h3 c6 7. e3 0-0 8. Qc2 Nbd7 9. Be2 Qa5 10. a3 Nh5 11. Bh2 e5 12. g4 1/2-1/2